| 000 | 00994nam0a22002411 4500 | ||
|---|---|---|---|
| 001 | rc\2899108 | ||
| 005 | 20110729150251.9 | ||
| 035 | _a(NLR Aleph) 007050538 | ||
| 090 |
_a6186302 _c6186302 |
||
| 100 | _a20110729d1928 |||y0rusy50 ca | ||
| 101 | 0 | _arus | |
| 102 | _aRU | ||
| 105 | _ay z ||||| | ||
| 200 | 1 | _aПрограмма работ по желтым табакам Отдела огородничества Млеевской опытной станции | |
| 210 |
_aМлеев _a[Москва] _c[садово-огород. опыт. станция] _d1928 _g"Киев-печать", 1-я фото-лито-тип. |
||
| 215 |
_a12 с. _d26,5 см |
||
| 225 | 1 |
_aТруды Млеевской садово-огородной опытной станции _fНКЗС-УССР _vВып. 9-й _aОтдел огородничества |
|
| 700 | 1 |
_aФорост _bГ. И. |
|
| 801 | 0 |
_aRU _bNLR _gpsbo |
|
| 801 | 1 |
_aRU _bELAR _2rusmarc |
|
| 852 |
_aNLR _j55/433(9) |
||
| 942 | _cBOOK | ||
| 980 | _aNB | ||